00427nam a2200157Ia 4500001000500000005001700005008004100022041000800063082001500071100004300086245008700129260000900216300002800225650000800253654000800261932120260306161710.0260306t2013||||xx |||||||||||||| ||spa|| aESP a378.1bR75 aRodríguez Espinar, Sebastián,eAUT 0aPanorama internacional de la evaluación de la calidad en la educación superior c2013 a270 páginas :c23 cm. aGEN aCED